00241nam a2200097Ia 4500008004100000100002800041245003500069260001500104942000700119999001700126190216s9999||||xx |||||||||||||| ||und|| aAllen H S & Moore H 0aText Book Of Practical Physics bRupa & Co. cBK c32660d32660